[Event "Spring op"]
[Site "Budapest HUN"]
[Date "1991.??.??"]
[Round "8"]
[White "Molnar, Bela"]
[Black "O'Donnell, Tom"]
[Result "0-1"]
[WhiteElo "2205"]
[BlackElo "2375"]
[PlyCount "104"]
[GameId "2129405201395909"]
[EventDate "1991.??.??"]
[EventType "swiss"]
[EventRounds "9"]
[EventCountry "HUN"]
[SourceTitle "TD 91\05"]

1. e4 c5 2. Nf3 d6 3. d4 cxd4 4. Nxd4 Nf6 5. Nc3 g6 6. Be3 Bg7 7. f3 O-O 8. Qd2 Nc6 9. O-O-O Nxd4 10. Bxd4 Be6 11. Kb1 Qc7 12. g4 Rfc8 13. h4 Qa5 14. Nd5 Qxd2 15. Nxf6+ Bxf6 16. Rxd2 Bxd4 17. Rxd4 Kg7 18. Be2 h6 19. f4 g5 20. hxg5 hxg5 21. f5 Bd7 22. e5 Bc6 23. f6+ exf6 24. exf6+ Kxf6 25. Rf1+ Ke7 26. Bc4 Rf8 27. b4 a6 28. Rd2 Rae8 29. a3 f6 30. Kb2 Kd7 31. Rfd1 Kc7 32. Rxd6 Bf3 33. Rd7+ Kc8 34. R1d6 Bxg4 35. Rf7 Rxf7 36. Bxf7 Rf8 37. Rxf6 Kc7 38. Rg6 Rxf7 39. Rxg5 Bd7 40. Rc5+ Kd6 41. Rc3 Rf4 42. Re3 Bc6 43. Rh3 Rf2 44. Re3 Bd5 45. Rc3 Rf4 46. Rd3 Ke5 47. Rh3 Be4 48. Rh8 Rf6 49. Rh3 Kd4 50. Rh8 Rf7 51. Rh3 Rc7 52. Rh2 Ke3 0-1

[Event "Spring op"]
[Site "Budapest HUN"]
[Date "1991.??.??"]
[Round "9"]
[White "O'Donnell, Tom"]
[Black "Kovacs, Janos"]
[Result "1/2-1/2"]
[WhiteElo "2375"]
[BlackElo "2345"]
[PlyCount "107"]
[GameId "2129405201395941"]
[EventDate "1991.??.??"]
[EventType "swiss"]
[EventRounds "9"]
[EventCountry "HUN"]
[SourceTitle "TD 91\05"]

1. e4 c5 2. Nf3 d6 3. d4 cxd4 4. Nxd4 Nf6 5. Nc3 Nc6 6. Bg5 e6 7. Qd2 a6 8. O-O-O Bd7 9. f4 b5 10. a3 Qb6 11. Nb3 Ng4 12. f5 h6 13. Be2 Nce5 14. h3 hxg5 15. hxg4 Rxh1 16. Rxh1 Nc4 17. Qxg5 Qe3+ 18. Qxe3 Nxe3 19. g3 Rc8 20. Na5 d5 21. exd5 exd5 22. Bd3 Bxa3 23. Re1 d4 24. Nd5 Bd6 25. Nxe3 dxe3 26. Rxe3+ Kf8 27. Kd1 Bc7 28. Nb3 Bb6 29. Re2 Bc6 30. Be4 Bxe4 31. Rxe4 Bf2 32. c3 Bxg3 33. Kd2 Bd6 34. Kd3 Rd8 35. Nd4 Re8 36. Rxe8+ Kxe8 37. Ke4 Kd7 38. Kd5 Bf4 39. Nb3 Kc7 40. Nc5 a5 41. Nd3 Be3 42. Ne5 a4 43. Nxf7 Bc1 44. Nd6 Kb6 45. c4 bxc4 46. Kxc4 Bxb2 47. g5 Kc6 48. Ne4 a3 49. Nc3 Bxc3 50. Kxc3 Kd6 51. Kb3 Ke5 52. f6 gxf6 53. gxf6 Kxf6 54. Kxa3 1/2-1/2

[Event "Olympiad"]
[Site "Novi Sad YUG"]
[Date "1990.12.03"]
[Round "14"]
[White "Khan, Mohammad Omer"]
[Black "O'Donnell, Tom"]
[Result "0-1"]
[WhiteElo "2300"]
[BlackElo "2415"]
[PlyCount "68"]
[GameId "2129405202004865"]
[EventDate "1990.11.17"]
[EventType "team"]
[EventRounds "14"]
[EventCountry "YUG"]

1. d4 d5 2. c4 e6 3. Nc3 c6 4. Nf3 Nf6 5. Bg5 dxc4 6. e4 b5 7. e5 h6 8. Bh4 g5 9. Nxg5 hxg5 10. Bxg5 Nbd7 11. exf6 Bb7 12. g3 c5 13. d5 Qb6 14. Bg2 O-O-O 15. O-O b4 16. a4 bxc3 17. bxc3 Bxd5 18. Bxd5 Ne5 19. Rb1 Rxd5 20. Rxb6 Rxd1 21. Rxd1 axb6 22. Kg2 Nd3 23. Rb1 Kc7 24. a5 bxa5 25. Rb5 Bh6 26. f4 e5 27. Bxh6 Rxh6 28. fxe5 Kc6 29. Rxa5 Nxe5 30. Ra1 Kd5 31. Rf1 Ke6 32. h3 Rxf6 33. Re1 Kf5 34. Re3 Ke6 0-1

[Event "Hungaroil"]
[Site "Siofok HUN"]
[Date "1990.??.??"]
[Round "2"]
[White "Fogarasi, Tibor"]
[Black "O'Donnell, Tom"]
[Result "1-0"]
[WhiteElo "2400"]
[BlackElo "2415"]
[PlyCount "85"]
[GameId "2129405202992490"]
[EventDate "1990.??.??"]
[EventType "tourn"]
[EventRounds "11"]
[EventCountry "HUN"]
[EventCategory "9"]
[SourceTitle "EXP 20"]

1. d4 d5 2. c4 e6 3. Nf3 c6 4. Qc2 Be7 5. g3 Nf6 6. Bg2 O-O 7. O-O b6 8. b3 Bb7 9. Nc3 Nbd7 10. Rd1 Rc8 11. e4 c5 12. exd5 exd5 13. dxc5 dxc4 14. b4 bxc5 15. b5 Re8 16. Bf4 Qa5 17. a4 Nf8 18. Nd2 Bxg2 19. Nxc4 Qb4 20. Na2 Be4 21. Nxb4 Bxc2 22. Nxc2 Ne6 23. Be5 Nd4 24. Nxd4 cxd4 25. Rac1 Bc5 26. Bxd4 Bxd4 27. Rxd4 Re2 28. Rcd1 g5 29. Ne3 Rc5 30. R4d2 Rxd2 31. Rxd2 Ne4 32. Rd7 h5 33. h3 Rc1+ 34. Kg2 Ra1 35. Rxa7 Ra2 36. Kf3 Nd2+ 37. Ke2 Ne4+ 38. Kd3 Nxf2+ 39. Kd4 Rd2+ 40. Kc4 Nxh3 41. b6 Rb2 42. b7 Kh7 43. Nd5 1-0

[Event "Hungaroil"]
[Site "Siofok HUN"]
[Date "1990.??.??"]
[Round "4"]
[White "Tolnai, Tibor"]
[Black "O'Donnell, Tom"]
[Result "1/2-1/2"]
[WhiteElo "2480"]
[BlackElo "2415"]
[PlyCount "58"]
[GameId "2129405202992507"]
[EventDate "1990.??.??"]
[EventType "tourn"]
[EventRounds "11"]
[EventCountry "HUN"]
[EventCategory "9"]
[SourceTitle "EXP 20"]

1. e4 Nc6 2. Nf3 e5 3. Bb5 Nge7 4. c3 g6 5. d4 exd4 6. cxd4 d5 7. exd5 Nxd5 8. O-O Bg7 9. Re1+ Be6 10. Bxc6+ bxc6 11. Bg5 Qb8 12. Qc1 O-O 13. Nc3 Nxc3 14. bxc3 Qb5 15. Bh6 Rfe8 16. Bxg7 Kxg7 17. h3 Rab8 18. Qf4 Qb2 19. Qxc7 Qxc3 20. Rac1 Qa3 21. Rxc6 Bxa2 22. Rxe8 Rxe8 23. Ne5 Qb4 24. Qd7 Qe1+ 25. Kh2 Rxe5 26. dxe5 Qxe5+ 27. g3 Bd5 28. Rd6 Qd4 29. Rxd5 Qxf2+ 1/2-1/2

[Event "Hungaroil"]
[Site "Siofok HUN"]
[Date "1990.??.??"]
[Round "5"]
[White "O'Donnell, Tom"]
[Black "Frolov, Artur"]
[Result "1-0"]
[WhiteElo "2415"]
[BlackElo "2485"]
[PlyCount "79"]
[GameId "2129405202992511"]
[EventDate "1990.??.??"]
[EventType "tourn"]
[EventRounds "11"]
[EventCountry "HUN"]
[EventCategory "9"]
[SourceTitle "EXP 20"]

1. e4 e5 2. Nf3 Nc6 3. Bb5 a6 4. Bxc6 dxc6 5. O-O Bg4 6. h3 h5 7. d3 Qf6 8. Nbd2 Bc5 9. Nc4 Bxf3 10. Qxf3 Qxf3 11. gxf3 Bd6 12. f4 exf4 13. Nxd6+ cxd6 14. Bxf4 O-O-O 15. Kh2 Ne7 16. Rg1 Ng6 17. Be3 d5 18. f3 Rhe8 19. Raf1 Rd7 20. Rg5 Re5 21. Rfg1 b5 22. Rxe5 Nxe5 23. Kg3 f6 24. f4 Nf7 25. Kh4 dxe4 26. Rxg7 exd3 27. cxd3 Rxd3 28. Rxf7 Rxe3 29. f5 Re2 30. Rxf6 Rxb2 31. Rxc6+ Kb7 32. Rc1 Rf2 33. Kg5 h4 34. f6 Kb6 35. Rc8 b4 36. Rc4 Kb5 37. Rf4 Rg2+ 38. Kxh4 Rg8 39. f7 Rf8 40. Kg5 1-0

[Event "Hungaroil"]
[Site "Siofok HUN"]
[Date "1990.??.??"]
[Round "6"]
[White "O'Donnell, Tom"]
[Black "Horvath, Jozsef"]
[Result "1/2-1/2"]
[WhiteElo "2415"]
[BlackElo "2540"]
[PlyCount "20"]
[GameId "2129405202992517"]
[EventDate "1990.??.??"]
[EventType "tourn"]
[EventRounds "11"]
[EventCountry "HUN"]
[EventCategory "9"]
[SourceTitle "EXP 20"]

1. e4 c5 2. c3 d5 3. exd5 Qxd5 4. d4 Nf6 5. Nf3 e6 6. Bd3 Be7 7. O-O O-O 8. c4 Qd7 9. dxc5 Nc6 10. Nc3 Rd8 1/2-1/2

[Event "Hungaroil"]
[Site "Siofok HUN"]
[Date "1990.??.??"]
[Round "7"]
[White "Kallai, Gabor"]
[Black "O'Donnell, Tom"]
[Result "1-0"]
[WhiteElo "2410"]
[BlackElo "2415"]
[PlyCount "109"]
[GameId "2129405202992523"]
[EventDate "1990.??.??"]
[EventType "tourn"]
[EventRounds "11"]
[EventCountry "HUN"]
[EventCategory "9"]
[SourceTitle "EXP 20"]

1. d4 d5 2. c4 c6 3. Nf3 Nf6 4. Nc3 e6 5. Bg5 dxc4 6. e4 b5 7. e5 h6 8. Bh4 g5 9. Nxg5 hxg5 10. Bxg5 Nbd7 11. g3 Qa5 12. exf6 b4 13. Ne4 Ba6 14. Be3 Qd5 15. Qf3 c5 16. Rd1 O-O-O 17. Bg2 Bb7 18. Ng5 Qxf3 19. Bxf3 Bxf3 20. Nxf3 Nxf6 21. Rc1 Rd5 22. Rxc4 Ng4 23. Bd2 a5 24. dxc5 Ne5 25. Nxe5 Rxe5+ 26. Be3 Bh6 27. Ke2 Bxe3 28. fxe3 Rh3 29. Kf3 Reh5 30. Kg2 Kc7 31. Rf4 f5 32. e4 Kc6 33. exf5 exf5 34. a3 bxa3 35. bxa3 Kb5 36. a4+ Kc6 37. Rf3 Kc7 38. Rxf5 Rxh2+ 39. Rxh2 Rxf5 40. Rh4 Rxc5 41. Rf4 Kd6 42. Kh3 Ke6 43. g4 Rc8 44. Rf5 Ra8 45. Kg3 Ra7 46. Kf4 Rc7 47. Rxa5 Kf6 48. Ra6+ Kg7 49. Kg5 Rc5+ 50. Kh4 Rc1 51. Kh5 Rc5+ 52. g5 Rc7 53. a5 Rc1 54. Ra7+ Kg8 55. Kh6 1-0

[Event "Hungaroil"]
[Site "Siofok HUN"]
[Date "1990.??.??"]
[Round "9"]
[White "Palkovi, Jozsef"]
[Black "O'Donnell, Tom"]
[Result "1/2-1/2"]
[WhiteElo "2460"]
[BlackElo "2415"]
[PlyCount "23"]
[GameId "2129405202992535"]
[EventDate "1990.??.??"]
[EventType "tourn"]
[EventRounds "11"]
[EventCountry "HUN"]
[EventCategory "9"]
[SourceTitle "EXP 20"]

1. e4 Nc6 2. Nf3 d6 3. d4 Nf6 4. Nc3 Bg4 5. Be3 e6 6. h3 Bh5 7. Bd3 Be7 8. O-O O-O 9. a3 d5 10. exd5 Nxd5 11. Nxd5 exd5 12. c3 1/2-1/2

[Event "Olympiad"]
[Site "Thessaloniki GRE"]
[Date "1988.11.22"]
[Round "9"]
[White "O'Donnell, Tom"]
[Black "Frois, Antonio"]
[Result "1-0"]
[WhiteElo "2385"]
[BlackElo "2340"]
[PlyCount "117"]
[GameId "2129405205766946"]
[EventDate "1988.11.13"]
[EventType "team"]
[EventRounds "14"]
[EventCountry "GRE"]

1. e4 c5 2. c3 d5 3. exd5 Qxd5 4. d4 Nf6 5. Nf3 e6 6. Bd3 Nc6 7. O-O cxd4 8. cxd4 Be7 9. Nc3 Qd8 10. a3 O-O 11. Re1 b6 12. Bc2 Bb7 13. Qd3 g6 14. Bh6 Re8 15. h4 Nd5 16. h5 Nxc3 17. hxg6 hxg6 18. Rxe6 Bf6 19. Rxe8+ Qxe8 20. Re1 Qd7 21. bxc3 Re8 22. Rxe8+ Qxe8 23. Bb3 Kh7 24. Bg5 Qe7 25. Qe3 Qxe3 26. fxe3 Kg7 27. Kf2 Ne7 28. Bxf6+ Kxf6 29. Ne5 Nd5 30. Nxf7 Nxc3 31. Nd6 Bc6 32. Nc8 Bd7 33. Nxa7 Ke7 34. Bc2 Kd6 35. Ke1 g5 36. Kd2 Nd5 37. a4 Nf6 38. e4 Nh5 39. Nb5+ Kc6 40. e5 Kd5 41. Bb3+ Ke4 42. e6 Bc6 43. d5 Bxb5 44. axb5 Ke5 45. Ke3 Nf6 46. Kf3 Kd6 47. Bc4 Ke5 48. e7 Kd6 49. e8=Q Nxe8 50. Kg4 Kc5 51. Bf1 Kxd5 52. Kxg5 Ke6 53. g4 Nf6 54. Be2 Ke5 55. Kh6 Ke6 56. g5 Ne8 57. g6 Kf6 58. Bg4 Ng7 59. Bd7 1-0

[Event "Olympiad"]
[Site "Thessaloniki GRE"]
[Date "1988.11.23"]
[Round "10"]
[White "O'Donnell, Tom"]
[Black "Fernandez Garcia, Jose Luis"]
[Result "1-0"]
[WhiteElo "2385"]
[BlackElo "2435"]
[PlyCount "121"]
[GameId "2129405205771268"]
[EventDate "1988.11.13"]
[EventType "team"]
[EventRounds "14"]
[EventCountry "GRE"]

1. e4 Nf6 2. e5 Nd5 3. d4 d6 4. Nf3 Bg4 5. Be2 c6 6. O-O Bxf3 7. Bxf3 dxe5 8. dxe5 e6 9. c4 Ne7 10. Qxd8+ Kxd8 11. Be4 Nd7 12. Bf4 Ng6 13. Bxg6 hxg6 14. Nc3 Be7 15. Ne4 Rh5 16. Rad1 Ke8 17. Nd6+ Bxd6 18. exd6 Ra5 19. Rd3 f6 20. a3 Ra4 21. Rc1 c5 22. h4 Rd8 23. Rb3 b6 24. Rbc3 Nb8 25. Rd1 Nc6 26. Bc1 Nd4 27. Kf1 Ra6 28. b3 b5 29. cxb5 Raxd6 30. Be3 Nxb5 31. Rxd6 Rxd6 32. Rxc5 Nxa3 33. Rc8+ Rd8 34. Rxd8+ Kxd8 35. Bxa7 g5 36. hxg5 fxg5 37. Bd4 g6 38. Bf6+ Kd7 39. Bxg5 Nb5 40. Be3 e5 41. Ke2 e4 42. Bc5 Kc6 43. b4 Kd5 44. Ke3 Nc7 45. Bf8 Ne6 46. Bc5 Nc7 47. Bb6 Ne6 48. b5 g5 49. g3 Ng7 50. g4 Ne8 51. Bd8 Nd6 52. b6 Nc4+ 53. Ke2 Kc6 54. Bc7 Kb7 55. f3 exf3+ 56. Kxf3 Nd2+ 57. Ke3 Nb3 58. Kd3 Kc6 59. Kc3 Nc5 60. Kd4 Nd7 61. Ke4 1-0

[Event "Chicago op"]
[Site "Chicago USA"]
[Date "1988.??.??"]
[Round "?"]
[White "Bradford, Joseph"]
[Black "O'Donnell, Tom"]
[Result "1/2-1/2"]
[WhiteElo "2430"]
[BlackElo "2340"]
[PlyCount "38"]
[GameId "2129405206410667"]
[EventDate "1988.??.??"]
[EventType "swiss"]
[EventCountry "USA"]
[SourceTitle "EXT 88op2"]

1. Nf3 Nf6 2. c4 e6 3. g3 b6 4. Bg2 Bb7 5. O-O Be7 6. b3 O-O 7. Bb2 d6 8. Qc2 Nbd7 9. Nc3 c5 10. Rad1 Rc8 11. d4 cxd4 12. Rxd4 Qc7 13. Nb5 Qb8 14. Ba3 Nc5 15. Rfd1 d5 16. Bb2 a6 17. Nc3 dxc4 18. bxc4 Rfd8 19. Rxd8+ Rxd8 1/2-1/2

[Event "Chicago op"]
[Site "Chicago USA"]
[Date "1988.??.??"]
[Round "?"]
[White "Stone, Raymond"]
[Black "O'Donnell, Tom"]
[Result "1-0"]
[WhiteElo "2415"]
[BlackElo "2340"]
[PlyCount "67"]
[GameId "2129405206410852"]
[EventDate "1988.??.??"]
[EventType "swiss"]
[EventCountry "USA"]
[SourceTitle "EXT 88op2"]

1. d4 d5 2. c4 e6 3. Nf3 c6 4. Nc3 Nf6 5. Bg5 dxc4 6. e4 b5 7. e5 h6 8. Bh4 g5 9. Nxg5 hxg5 10. Bxg5 Nbd7 11. exf6 Qb6 12. g3 Bb7 13. Bg2 O-O-O 14. O-O Bd6 15. b3 cxb3 16. Ne4 Bc7 17. axb3 a5 18. Be3 Qa6 19. Bd2 c5 20. dxc5 Bxe4 21. Bxe4 Nxc5 22. Bg2 Rxd2 23. Qxd2 Nxb3 24. Qg5 Nxa1 25. Rxa1 Rd8 26. Bf1 e5 27. Rb1 Qd6 28. Rxb5 Bb6 29. Rxe5 a4 30. Re7 a3 31. Qf5+ Kb8 32. Qf3 Qd5 33. Qxa3 Qd4 34. Qf3 1-0

[Event "National op"]
[Site "Chicago USA"]
[Date "1988.??.??"]
[Round "?"]
[White "O'Donnell, Tom"]
[Black "Kopec, Danny"]
[Result "1/2-1/2"]
[WhiteElo "2340"]
[BlackElo "2405"]
[PlyCount "48"]
[GameId "2129405206779392"]
[EventDate "1988.??.??"]
[EventType "swiss"]
[EventRounds "9"]
[EventCountry "USA"]
[SourceTitle "EXT 88op"]

1. c4 e5 2. Nc3 Nc6 3. Nf3 Nf6 4. g3 Bb4 5. Bg2 O-O 6. O-O Re8 7. Ne1 a5 8. Nc2 Nd4 9. Nxd4 exd4 10. Nd5 c6 11. Nxb4 axb4 12. e3 d6 13. b3 d3 14. Bb2 Ra5 15. a3 bxa3 16. Rxa3 Rxa3 17. Bxa3 h5 18. Bb2 h4 19. Qa1 Ng4 20. Bxg7 Qg5 21. Bc3 Qh6 22. h3 hxg3 23. fxg3 Ne5 24. Rf4 Qg6 1/2-1/2

[Event "Futurity"]
[Site "Olympia"]
[Date "1987.??.??"]
[Round "?"]
[White "O'Donnell, Tom"]
[Black "Harmon, Clark R"]
[Result "1-0"]
[WhiteElo "2280"]
[BlackElo "2250"]
[PlyCount "81"]
[GameId "1165997316648960"]
[EventDate "1987.??.??"]
[EventType "swiss"]
[EventRounds "5"]
[EventCountry "USA"]
[SourceTitle "EXT 2004"]
[Source "ChessBase"]
[SourceDate "2003.11.25"]
[SourceVersion "1"]
[SourceVersionDate "2003.11.25"]
[SourceQuality "1"]

1. e4 c6 2. d4 d5 3. Nd2 dxe4 4. Nxe4 Bf5 5. Ng3 Bg6 6. h4 h6 7. h5 Bh7 8. Nf3 Nd7 9. Bd3 Bxd3 10. Qxd3 Qc7 11. Bd2 e6 12. O-O-O Ngf6 13. Ne4 O-O-O 14. g3 Nxe4 15. Qxe4 Bd6 16. c4 c5 17. d5 Nf6 18. Qc2 exd5 19. cxd5 Kb8 20. Bc3 Ne8 21. Rhe1 Rc8 22. Nh4 Ka8 23. Nf5 Rg8 24. Rxe8 Rgxe8 25. Bxg7 c4 26. Nxh6 c3 27. Bxc3 b5 28. a3 Qc4 29. Nxf7 Bxa3 30. Kb1 Re2 31. Qd3 b4 32. Qxc4 Rxc4 33. Bg7 Rc7 34. h6 Rxf2 35. h7 Rc8 36. h8=Q Rxh8 37. Bxh8 Rxf7 38. bxa3 Rf8 39. Bg7 Rg8 40. d6 Rxg7 41. d7 1-0

[Event "USA"]
[Site "USA"]
[Date "1987.??.??"]
[Round "?"]
[White "Donaldson, John W"]
[Black "O'Donnell, Tom"]
[Result "1/2-1/2"]
[WhiteElo "2410"]
[BlackElo "2280"]
[PlyCount "57"]
[GameId "1166636125700096"]
[EventDate "1987.??.??"]
[EventType "game"]
[EventRounds "9"]
[EventCountry "USA"]
[SourceTitle "EXT 2010"]
[Source "ChessBase"]
[SourceDate "2009.11.30"]
[SourceVersion "1"]
[SourceVersionDate "2009.11.30"]
[SourceQuality "1"]

1. d4 d5 2. c4 c6 3. Nc3 Nf6 4. Nf3 e6 5. e3 Nbd7 6. Bd3 dxc4 7. Bxc4 b5 8. Bd3 a6 9. e4 c5 10. e5 cxd4 11. Nxb5 Nxe5 12. Nxe5 axb5 13. O-O Qd5 14. Qe2 Ba6 15. Bg5 Be7 16. f4 O-O 17. Rf3 Bb7 18. Rg3 g6 19. h4 Kg7 20. h5 Ng8 21. hxg6 fxg6 22. Bxg6 hxg6 23. Bh6+ Nxh6 24. Rxg6+ Kh7 25. Qh5 Bg5 26. Rxh6+ Bxh6 27. Qg6+ Kh8 28. Qxh6+ Kg8 29. Qg6+ 1/2-1/2

[Event "US Open-88"]
[Site "Portland"]
[Date "1987.08.04"]
[Round "3"]
[White "O'Donnell, Tom"]
[Black "Ronneberg, Erik"]
[Result "1/2-1/2"]
[WhiteElo "2362"]
[BlackElo "2105"]
[PlyCount "81"]
[GameId "1560344195837952"]
[EventDate "1987.08.02"]
[EventType "swiss"]
[EventRounds "12"]
[EventCountry "USA"]
[SourceTitle "EXT 1997"]
[Source "ChessBase"]
[SourceDate "1996.11.15"]
[SourceVersion "1"]
[SourceVersionDate "1996.11.15"]
[SourceQuality "1"]

1. e4 e6 2. d4 d5 3. Nd2 Nf6 4. e5 Nfd7 5. f4 c5 6. c3 Nc6 7. Ndf3 Qb6 8. g3 f6 9. Bh3 cxd4 10. cxd4 Bb4+ 11. Kf1 fxe5 12. fxe5 O-O 13. Kg2 Ndxe5 14. dxe5 Nxe5 15. Qb3 Qb5 16. Be3 Nxf3 17. Nxf3 Qe2+ 18. Bf2 e5 19. Bxc8 Raxc8 20. Qd1 Rc2 21. Rf1 e4 22. Qxe2 Rxe2 23. Nd4 Rxb2 24. Kg1 Bc5 25. Be3 Rxf1+ 26. Rxf1 Rxa2 27. Rf5 Bxd4 28. Bxd4 Ra5 29. h4 g6 30. Rf6 Ra3 31. Kf2 a5 32. Rb6 Rd3 33. Be5 Kf7 34. Rxb7+ Ke6 35. Bf4 h5 36. Ra7 Ra3 37. Ra6+ Kf5 38. Rd6 Rd3 39. Ra6 Ra3 40. Rd6 Rd3 41. Ra6 1/2-1/2

[Event "US Open-88"]
[Site "Portland"]
[Date "1987.08.14"]
[Round "12"]
[White "O'Donnell, Tom"]
[Black "Lindsay, Fred P"]
[Result "1/2-1/2"]
[WhiteElo "2362"]
[BlackElo "2407"]
[PlyCount "107"]
[GameId "1560344196485120"]
[EventDate "1987.08.02"]
[EventType "swiss"]
[EventRounds "12"]
[EventCountry "USA"]
[SourceTitle "EXT 1997"]
[Source "ChessBase"]
[SourceDate "1996.11.15"]
[SourceVersion "1"]
[SourceVersionDate "1996.11.15"]
[SourceQuality "1"]

1. e4 e6 2. d4 d5 3. Nd2 Nf6 4. e5 Nfd7 5. f4 c5 6. c3 Nc6 7. Ndf3 Qb6 8. g3 cxd4 9. cxd4 Bb4+ 10. Kf2 f6 11. Kg2 g5 12. exf6 g4 13. Ne5 Qxd4 14. Qxd4 Nxd4 15. Nxg4 b6 16. Be3 Nc2 17. Rd1 h5 18. Bd3 d4 19. Be4 hxg4 20. Bxd4 Bc5 21. Bxc5 bxc5 22. Rxd7 Bxd7 23. Bxa8 Kf7 24. Be4 Rb8 25. h3 Rb4 26. Ba8 Rxb2 27. hxg4 Nd4+ 28. Kh3 Kxf6 29. Nf3 Rb8 30. Nxd4 Rxa8 31. Nf3 Bc6 32. Rf1 Rh8+ 33. Kg2 Rd8 34. Kf2 Bxf3 35. Kxf3 Rd3+ 36. Ke4 Rd4+ 37. Ke3 Ra4 38. Rf2 Ra3+ 39. Ke4 Ra4+ 40. Kd3 Ra3+ 41. Kc4 Rxg3 42. g5+ Kf5 43. Kxc5 e5 44. fxe5+ Kxe5 45. Re2+ Kf4 46. Re7 Rxg5+ 47. Kb4 a5+ 48. Ka4 Rg2 49. a3 Rg3 50. Re6 Kf5 51. Ra6 Ke5 52. Rxa5+ Kd6 53. Rb5 Kc6 54. Rb1 1/2-1/2

[Event "NWC March op"]
[Site "Seattle"]
[Date "1988.??.??"]
[Round "?"]
[White "O'Donnell, Tom"]
[Black "Braley, John"]
[Result "1/2-1/2"]
[WhiteElo "2340"]
[BlackElo "2200"]
[PlyCount "104"]
[GameId "1166636314427392"]
[EventDate "1988.03.??"]
[EventType "swiss"]
[EventRounds "5"]
[EventCountry "USA"]
[SourceTitle "EXT 2004"]
[Source "ChessBase"]
[SourceDate "2003.11.25"]
[SourceVersion "1"]
[SourceVersionDate "2003.11.25"]
[SourceQuality "1"]

1. e4 d6 2. d4 Nf6 3. Nc3 g6 4. Nf3 Bg7 5. Be2 O-O 6. O-O Nbd7 7. h3 e5 8. dxe5 dxe5 9. Bg5 h6 10. Be3 Qe7 11. Qd2 Kh7 12. Rfd1 Nc5 13. Nd5 Nxd5 14. Qxd5 Ne6 15. Bf1 Rd8 16. Qc4 Bd7 17. a4 a5 18. c3 Bc6 19. Bd3 Rd6 20. Bc2 Rad8 21. g3 Qf6 22. Rxd6 cxd6 23. Qe2 d5 24. Bb6 Ra8 25. Rd1 dxe4 26. Bxe4 Bxa4 27. Ra1 Bd7 28. b4 Nf4 29. gxf4 Qxb6 30. Nxe5 Bxh3 31. Qf3 Be6 32. Bxb7 Ra7 33. Bd5 axb4 34. Rxa7 Qxa7 35. Bxe6 Qa1+ 36. Kg2 fxe6 37. cxb4 Bxe5 38. fxe5 Qxe5 39. Qf7+ Kh8 40. Qxg6 Qd5+ 41. Kh2 h5 42. Qf6+ Kh7 43. Kg3 Qb3+ 44. f3 Qxb4 45. Qf7+ Kh8 46. Qxe6 Qc5 47. Qf6+ Kh7 48. Kh4 Qd5 49. f4 Qf3 50. Qf5+ Kg7 51. Qe5+ Kf7 52. Qxh5+ Qxh5+ 1/2-1/2

[Event "Olympiad-28"]
[Site "Thessaloniki"]
[Date "1988.11.16"]
[Round "4"]
[White "Clarke, Thomas M"]
[Black "O'Donnell, Tom"]
[Result "1/2-1/2"]
[WhiteElo "2205"]
[BlackElo "2385"]
[PlyCount "120"]
[GameId "1166636389015552"]
[EventDate "1988.11.13"]
[EventType "team-swiss"]
[EventRounds "14"]
[EventCountry "GRE"]
[SourceTitle "TD"]
[Source "ChessBase"]
[SourceVersion "1"]
[SourceVersionDate "1994.03.01"]
[SourceQuality "1"]
[WhiteTeam "Ireland"]
[BlackTeam "Canada"]
[WhiteTeamCountry "IRL"]
[BlackTeamCountry "CAN"]

1. e4 c5 2. Nf3 d6 3. d4 cxd4 4. Nxd4 Nf6 5. Nc3 g6 6. g3 Nc6 7. Bg5 Bg7 8. Bg2 Qa5 9. Nxc6 bxc6 10. Qd2 Rb8 11. O-O Rxb2 12. e5 Nd7 13. Bxe7 Bxe5 14. Rfe1 Qxc3 15. Qxc3 Bxc3 16. Bf6+ Bxe1 17. Rxe1+ Ne5 18. Bxh8 Rxa2 19. f4 Rxc2 20. fxe5 d5 21. Ra1 Be6 22. Bf6 a5 23. Bf1 Rc5 24. Rb1 a4 25. Rb8+ Kd7 26. Ra8 Rc1 27. Ra7+ Kc8 28. Kf2 Ra1 29. Be7 Kb8 30. Bc5 Ra2+ 31. Ke3 Rc2 32. Ra5 Bf5 33. Ba6 h5 34. Bd6+ Ka7 35. Bd3+ Kb6 36. Bxc2 Kxa5 37. Bxf5 gxf5 38. Kd4 Kb5 39. Ba3 Kb6 40. Bb4 Kb5 41. Bc5 Ka6 42. h3 Kb5 43. Ba3 Kb6 44. Bf8 Kb5 45. Be7 Kb6 46. Bd8+ Kb5 47. Be7 Kb6 48. Bf8 Kb5 49. Bc5 Ka6 50. Kc3 Kb5 51. Kd4 Ka6 52. Kc3 Kb5 53. Kd4 Ka6 54. Bb4 Kb5 55. Ba3 Kb6 56. Be7 Kb5 57. Bf8 Kb6 58. Ba3 Kb5 59. Bf8 Kb6 60. Ba3 Kb5 1/2-1/2

[Event "Olympiad-28"]
[Site "Thessaloniki"]
[Date "1988.11.19"]
[Round "6"]
[White "Small, Vernon A"]
[Black "O'Donnell, Tom"]
[Result "1-0"]
[WhiteElo "2340"]
[BlackElo "2385"]
[PlyCount "77"]
[GameId "1166636390793216"]
[EventDate "1988.11.13"]
[EventType "team-swiss"]
[EventRounds "14"]
[EventCountry "GRE"]
[SourceTitle "TD"]
[Source "ChessBase"]
[SourceVersion "1"]
[SourceVersionDate "1994.03.01"]
[SourceQuality "1"]
[WhiteTeam "New Zealand"]
[BlackTeam "Canada"]
[WhiteTeamCountry "NZL"]
[BlackTeamCountry "CAN"]

1. d4 d5 2. c4 e6 3. g3 c6 4. Bg2 Nf6 5. Nf3 Be7 6. O-O O-O 7. Qc2 b6 8. b3 Bb7 9. Rd1 Nbd7 10. Nc3 Rc8 11. e4 c5 12. e5 Ne8 13. dxc5 Nxc5 14. Bb2 Na6 15. Qe2 Nac7 16. Rac1 g6 17. Nd4 Ng7 18. Ndb5 Nxb5 19. Nxb5 Qd7 20. Nc3 d4 21. Bxb7 Qxb7 22. Ne4 Rfd8 23. Bxd4 Rd7 24. Nd6 Bxd6 25. exd6 Rf8 26. Bxg7 Kxg7 27. Qe5+ Kg8 28. b4 Qc6 29. c5 bxc5 30. bxc5 Rc8 31. Rd4 a5 32. h4 Qf3 33. Rb1 Qc3 34. Rb5 a4 35. Re4 Qc1+ 36. Kg2 Qc2 37. a3 Qd1 38. Rd4 Qa1 39. c6 1-0

[Event "Olympiad-28"]
[Site "Thessaloniki"]
[Date "1988.11.29"]
[Round "14"]
[White "O'Donnell, Tom"]
[Black "Slimani, Abdelhamid"]
[Result "1-0"]
[WhiteElo "2385"]
[BlackElo "2205"]
[PlyCount "112"]
[GameId "1166636397490176"]
[EventDate "1988.11.13"]
[EventType "team-swiss"]
[EventRounds "14"]
[EventCountry "GRE"]
[SourceTitle "TD"]
[Source "ChessBase"]
[SourceVersion "1"]
[SourceVersionDate "1994.03.01"]
[SourceQuality "1"]
[WhiteTeam "Canada"]
[BlackTeam "Algeria"]
[WhiteTeamCountry "CAN"]
[BlackTeamCountry "ALG"]

1. e4 e6 2. d4 d5 3. Nd2 a6 4. Ngf3 c5 5. exd5 exd5 6. Be2 Nf6 7. O-O Be7 8. dxc5 Bxc5 9. Nb3 Be7 10. Bg5 O-O 11. Re1 Nc6 12. Nfd4 Ne5 13. c3 Ng6 14. Qc2 Qd6 15. Rad1 Re8 16. Nf5 Bxf5 17. Qxf5 Qe5 18. Bd3 Qd6 19. Bc2 h6 20. Be3 Bf8 21. Bd4 Rxe1+ 22. Rxe1 Re8 23. Rxe8 Nxe8 24. g3 Nc7 25. Qc8 Ne6 26. Bxg6 fxg6 27. Qxb7 Ng5 28. Nc5 Nf3+ 29. Kg2 Nxd4 30. cxd4 Qf6 31. Qxd5+ Kh7 32. Qf3 Qd6 33. Qe4 Be7 34. Nd3 Bf6 35. Ne5 Be7 36. h4 h5 37. d5 Qf6 38. Nxg6 Bc5 39. Nf4+ g6 40. Qe6 Qxe6 41. Nxe6 Bd6 42. Kf3 Kg8 43. Ng5 Kf8 44. Ne4 Be5 45. b3 Ke7 46. Ke3 Kd7 47. Nc5+ Kd6 48. Ke4 Bc3 49. Nd3 a5 50. a3 Bg7 51. f3 Bf6 52. Nf4 Bb2 53. a4 Be5 54. g4 g5 55. hxg5 Bxf4 56. Kxf4 h4 1-0